000 00726nam a22002057a 4500
003 OSt
005 20250815064726.0
008 250815b |||||||| |||| 00| 0 eng d
020 _a9789814648295
040 _aDWC-Main Lib.
_cOC
082 _2Sixteenth edition, Global
_aCirc.
100 _aBUTCHER, JAMES N.
245 _aAbnormal psychology
_cBUTCHER, JAMES N.
250 _aSixteenth edition, Global
260 _aSingapore :
_bPearson Education South Asia,
_cc2015.
300 _a784 pages :
_billustrations ;
_c27 cm.
504 _aIncludes index.
650 _a1. Psychology, Abnormal. 2. Psychiatry. I. Hooley, Jill M. II. Mineka, Susan.
942 _2ddc
_cBK-CIRC
_eSixteenth edition, Global
_hCirc.
_kCirc.
_n0
999 _c3975
_d3975